[Event "Syre Memorial op 36th"]
[Site "Issy les Moulineaux"]
[Date "2013.05.09"]
[Round "3"]
[White "Houhou, Olivier"]
[Black "Landenbergue, Claude"]
[Result "1/2-1/2"]
[WhiteElo "2224"]
[BlackElo "2391"]
[PlyCount "26"]
[EventDate "2013.05.08"]
[EventType "swiss"]
[EventRounds "7"]
[EventCountry "FRA"]
[SourceTitle "EXT 2015"]
[Source "ChessBase"]
[SourceDate "2014.11.20"]
[SourceVersion "1"]
[SourceVersionDate "2014.11.20"]
[SourceQuality "1"]

1. e4 c5 2. Nf3 e6 3. d4 cxd4 4. Nxd4 Nc6 5. Nxc6 bxc6 6. Bd3 d5 7. 0-0 Nf6 8. Nd2 Be7 9. c4 0-0 10. Qe2 h6 11. b3 a5 12. a3 Bb7 13. Bb2 Nd7 1/2-1/2

[Event "Biel MTO op 40th"]
[Site "Biel"]
[Date "2007.07.27"]
[Round "5"]
[White "Meijers, Viesturs"]
[Black "Houhou, Olivier"]
[Result "1-0"]
[WhiteElo "2483"]
[BlackElo "2319"]
[PlyCount "75"]
[EventDate "2007.07.23"]
[EventType "swiss"]
[EventRounds "11"]
[EventCountry "SUI"]
[SourceTitle "CBM 119 Extra"]
[Source "ChessBase"]
[SourceDate "2007.09.04"]
[SourceVersion "1"]
[SourceVersionDate "2007.09.04"]
[SourceQuality "1"]

1. e4 c5 2. Nf3 e6 3. d4 cxd4 4. Nxd4 Nf6 5. Bd3 Nc6 6. Nf3 Be7 7. 0-0 Qc7 8. h3 0-0 9. Qe2 d6 10. c4 b6 11. Nc3 a6 12. Be3 Bb7 13. Rac1 Rac8 14. Nd5 exd5 15. cxd5 Qd7 16. dxc6 Rxc6 17. Rxc6 Bxc6 18. Bxb6 Rb8 19. Bd4 Qe6 20. b3 Nxe4 21. Bxa6 d5 22. Qb2 f6 23. Re1 Bd6 24. Nh2 Qf5 25. Nf1 Ng5 26. Re3 Qf4 27. Be2 Rb4 28. Qc3 Bd7 29. Bc5 Ne4 30. Rxe4 Rxe4 31. Bf3 d4 32. Qc4+ Be6 33. Qa4 Bxc5 34. Qa8+ Kf7 35. Qxe4 Qc1 36. Qxh7 Qc3 37. Bh5+ Kf8 38. Qg6 1-0

[Event "Biel MTO op 40th"]
[Site "Biel"]
[Date "2007.07.25"]
[Round "3"]
[White "Negi, Parimarjan"]
[Black "Houhou, Olivier"]
[Result "1-0"]
[WhiteElo "2529"]
[BlackElo "2319"]
[PlyCount "75"]
[EventDate "2007.07.23"]
[EventType "swiss"]
[EventRounds "11"]
[EventCountry "SUI"]
[SourceTitle "CBM 119 Extra"]
[Source "ChessBase"]
[SourceDate "2007.09.04"]
[SourceVersion "1"]
[SourceVersionDate "2007.09.04"]
[SourceQuality "1"]

1. e4 c5 2. Nf3 b6 3. d4 cxd4 4. Nxd4 Bb7 5. Nc3 a6 6. Bd3 e6 7. 0-0 Qc7 8. Nb3 d6 9. f4 Nd7 10. Be3 Ngf6 11. Qf3 Be7 12. Qh3 h5 13. Kh1 Ng4 14. Bg1 0-0-0 15. Qf3 Nc5 16. a4 d5 17. exd5 exd5 18. Nd4 Bf6 19. a5 bxa5 20. Na4 Ne4 21. Nb3 Rd6 22. c4 Nd2 23. Nxd2 dxc4 24. Bf5+ Kb8 25. Qe2 Qc6 26. Be4 Rxd2 27. Qxd2 Qxe4 28. Nc5 Qc6 29. Nxb7 Kxb7 30. Qxa5 Bxb2 31. Ra4 Bc3 32. Rb1+ Kc8 33. Qf5+ Kd8 34. Rb8+ Kc7 35. Rxh8 Qxa4 36. Qc8+ Kd6 37. Rd8+ Ke7 38. Bc5+ 1-0

[Event "FRA-chT1A 0607"]
[Site "France"]
[Date "2007.01.25"]
[Round "6.2"]
[White "Dumitrache, Dragos Nicolae"]
[Black "Houhou, Olivier"]
[Result "1-0"]
[WhiteElo "2455"]
[BlackElo "2286"]
[PlyCount "93"]
[EventDate "2006.10.15"]
[EventType "team-tourn"]
[EventRounds "11"]
[EventCountry "FRA"]
[SourceTitle "EXT 2008"]
[Source "ChessBase"]
[SourceDate "2007.11.25"]
[SourceVersion "1"]
[SourceVersionDate "2007.11.25"]
[SourceQuality "1"]
[WhiteTeam "Guingamp"]
[BlackTeam "Issy les Moulineaux"]
[WhiteTeamCountry "FRA"]
[BlackTeamCountry "FRA"]

1. d4 Nf6 2. c4 g6 3. Nc3 d5 4. Bg5 Ne4 5. Bh4 Nxc3 6. bxc3 dxc4 7. e3 Be6 8. Qb1 Qd5 9. Be2 Bf5 10. Bf3 Qxf3 11. Nxf3 Bxb1 12. Rxb1 b6 13. Nd2 Bg7 14. Nxc4 Nd7 15. Ke2 Bf6 16. Bxf6 Nxf6 17. Ne5 Nd7 18. Nc6 Nb8 19. Nb4 Nd7 20. Rhc1 c5 21. Nd3 Rc8 22. Rb5 cxd4 23. cxd4 Rxc1 24. Nxc1 0-0 25. Nd3 Rc8 26. Kd2 Kf8 27. f3 Ke8 28. Rb3 Kd8 29. Rc3 Rxc3 30. Kxc3 Kc7 31. Kc4 Kc6 32. Nb4+ Kb7 33. e4 a6 34. a4 h5 35. h4 e6 36. e5 f6 37. f4 fxe5 38. fxe5 Nf8 39. d5 b5+ 40. axb5 axb5+ 41. Kc5 Kc7 42. d6+ Kb7 43. Kxb5 Nd7 44. Nd3 Nf8 45. Nf4 Kc8 46. Kc6 Kd8 47. d7 1-0

[Event "Paris-ch"]
[Site "Paris"]
[Date "2006.07.12"]
[Round "7"]
[White "Calistri, Tristan"]
[Black "Houhou, Olivier"]
[Result "0-1"]
[WhiteElo "2370"]
[BlackElo "2255"]
[PlyCount "106"]
[EventDate "2006.07.08"]
[EventType "swiss"]
[EventRounds "9"]
[EventCountry "FRA"]
[SourceTitle "EXT 2007"]
[Source "ChessBase"]
[SourceDate "2006.11.23"]
[SourceVersion "1"]
[SourceVersionDate "2006.11.23"]
[SourceQuality "1"]

1. e4 c5 2. Nf3 e6 3. d4 cxd4 4. Nxd4 a6 5. c4 Nf6 6. Nc3 Qc7 7. a3 d6 8. Be2 b6 9. 0-0 Bb7 10. f3 Be7 11. Be3 0-0 12. Qd2 Nbd7 13. Rac1 Rac8 14. b4 Qb8 15. Kh1 Bd8 16. Rc2 Re8 17. Rb1 Bc7 18. Bg1 h5 19. Na4 Qa8 20. Qc1 h4 21. c5 dxc5 22. bxc5 bxc5 23. Nxc5 Nxc5 24. Rxc5 Bd6 25. Rxc8 Rxc8 26. Qb2 Rb8 27. Qa2 h3 28. Bf1 hxg2+ 29. Bxg2 Bc8 30. e5 Rxb1 31. Qxb1 Bxe5 32. f4 Qb8 33. Qxb8 Bxb8 34. Nc6 Bd6 35. a4 Nh5 36. Be3 Bd7 37. f5 exf5 38. a5 Nf6 39. Bb6 Ne4 40. Nd4 Bc8 41. Kg1 Kf8 42. h4 Ke7 43. Bh3 g6 44. h5 Ng5 45. Bg2 gxh5 46. Nc6+ Kd7 47. Na7 Ne4 48. Bh3 Bb7 49. Bxf5+ Ke8 50. Nc8 Bb4 51. Kh2 Nd6 52. Nxd6+ Bxd6+ 53. Kh3 Be7 0-1

[Event "Paris-ch"]
[Site "Paris"]
[Date "2006.07.12"]
[Round "3"]
[White "Draoui, Najib"]
[Black "Houhou, Olivier"]
[Result "1-0"]
[WhiteElo "2379"]
[BlackElo "2255"]
[PlyCount "69"]
[EventDate "2006.07.08"]
[EventType "swiss"]
[EventRounds "9"]
[EventCountry "FRA"]
[SourceTitle "EXT 2007"]
[Source "ChessBase"]
[SourceDate "2006.11.23"]
[SourceVersion "1"]
[SourceVersionDate "2006.11.23"]
[SourceQuality "1"]

1. e4 c5 2. Nf3 e6 3. d4 cxd4 4. Nxd4 a6 5. Nc3 Qc7 6. Bd3 Nc6 7. Nxc6 dxc6 8. 0-0 Nf6 9. f4 e5 10. Kh1 Bc5 11. f5 h5 12. Qf3 Ng4 13. Qg3 Bd7 14. Be2 0-0-0 15. Bxg4 hxg4 16. Na4 Ba7 17. Be3 Bxe3 18. Qxe3 Rh6 19. Rfd1 c5 20. Nxc5 Bc6 21. Rxd8+ Qxd8 22. Kg1 Qh4 23. Qg3 Qxg3 24. hxg3 Rd6 25. Re1 Rd2 26. Nd3 Rxc2 27. Nxe5 Rxb2 28. Nxf7 Rxa2 29. Ng5 Rd2 30. Ne6 Rd7 31. Kf2 Re7 32. Ke3 g6 33. Kf4 gxf5 34. exf5 Kd7 35. Rd1+ 1-0

[Event "Paris-ch"]
[Site "Paris"]
[Date "2006.07.12"]
[Round "6"]
[White "Houhou, Olivier"]
[Black "Rohit, Gogineni"]
[Result "1/2-1/2"]
[WhiteElo "2255"]
[BlackElo "2401"]
[PlyCount "86"]
[EventDate "2006.07.08"]
[EventType "swiss"]
[EventRounds "9"]
[EventCountry "FRA"]
[SourceTitle "EXT 2007"]
[Source "ChessBase"]
[SourceDate "2006.11.23"]
[SourceVersion "1"]
[SourceVersionDate "2006.11.23"]
[SourceQuality "1"]

1. e4 c5 2. Nf3 e6 3. d4 cxd4 4. Nxd4 a6 5. Bd3 Bc5 6. Nb3 Ba7 7. Qe2 d6 8. Be3 Nc6 9. 0-0 Nf6 10. Bxa7 Rxa7 11. f4 e5 12. f5 0-0 13. c4 a5 14. Nc3 a4 15. Nc1 Nd4 16. Qd2 Bd7 17. N1e2 Bc6 18. h3 Re8 19. Rad1 Qb6 20. Kh2 Qa5 21. Bb1 Nxe2 22. Qxe2 Rd8 23. g4 a3 24. g5 Ne8 25. g6 Nf6 26. gxh7+ Nxh7 27. Rg1 f6 28. Rg3 axb2 29. Rdg1 Rd7 30. Qxb2 Qc5 31. Qg2 b6 32. Nd5 Bxd5 33. cxd5 Rdc7 34. h4 Kf8 35. Qe2 Ra3 36. Rxa3 Qxa3 37. Bd3 Rc3 38. Rg3 Qc1 39. Qg4 Qd2+ 40. Kh3 Qh6 41. Kg2 Qd2+ 42. Kh3 Qh6 43. Kg2 Qd2+ 1/2-1/2

[Event "Paris-ch"]
[Site "Paris"]
[Date "2006.07.12"]
[Round "5"]
[White "Karim, Ismael"]
[Black "Houhou, Olivier"]
[Result "0-1"]
[WhiteElo "2288"]
[BlackElo "2255"]
[PlyCount "64"]
[EventDate "2006.07.08"]
[EventType "swiss"]
[EventRounds "9"]
[EventCountry "FRA"]
[SourceTitle "EXT 2007"]
[Source "ChessBase"]
[SourceDate "2006.11.23"]
[SourceVersion "1"]
[SourceVersionDate "2006.11.23"]
[SourceQuality "1"]

1. e4 c5 2. Nf3 e6 3. d4 cxd4 4. Nxd4 a6 5. c4 Nf6 6. Nc3 Qc7 7. a3 d6 8. Be2 b6 9. Be3 Bb7 10. f3 Be7 11. Rc1 Nbd7 12. b4 Rc8 13. 0-0 0-0 14. Qd2 Qb8 15. Rfd1 Bd8 16. Nb3 Bc7 17. Bf4 Ne5 18. Bxe5 dxe5 19. Qe3 Nh5 20. Kh1 f5 21. c5 b5 22. a4 Bc6 23. axb5 axb5 24. Ra1 Rcd8 25. Na5 Bxa5 26. Rxa5 Rxd1+ 27. Bxd1 Qd8 28. Bb3 fxe4 29. Nxe4 Bxe4 30. Qxe4 Qd2 31. Ra1 Nf4 32. Rg1 Nd3 0-1

[Event "Syre Memorial op 29th"]
[Site "Issy les Moulineaux"]
[Date "2006.05.27"]
[Round "4"]
[White "Shchekachev, Andrei"]
[Black "Houhou, Olivier"]
[Result "1-0"]
[WhiteElo "2592"]
[BlackElo "2266"]
[PlyCount "69"]
[EventDate "2006.05.25"]
[EventType "swiss"]
[EventRounds "6"]
[EventCountry "FRA"]
[SourceTitle "EXT 2007"]
[Source "ChessBase"]
[SourceDate "2006.11.23"]
[SourceVersion "1"]
[SourceVersionDate "2006.11.23"]
[SourceQuality "1"]

1. e4 c5 2. Nf3 e6 3. d4 cxd4 4. Nxd4 a6 5. c4 Nf6 6. Nc3 Qc7 7. a3 b6 8. Be3 d6 9. Be2 Bb7 10. f3 Be7 11. 0-0 Nbd7 12. a4 0-0 13. a5 bxa5 14. Nb3 Rab8 15. Nxa5 Ba8 16. Qd2 d5 17. cxd5 exd5 18. exd5 Bc5 19. Nc4 Rfe8 20. d6 Qa7 21. Bxc5 Qxc5+ 22. Kh1 Nb6 23. Nxb6 Qxb6 24. Ra2 Red8 25. Rd1 Bb7 26. Ra3 Ne8 27. Na4 Qc6 28. d7 Nf6 29. Qf4 Nd5 30. Qd4 Qxd7 31. Nc5 Qe7 32. Nxb7 Qxb7 33. Bc4 Qxb2 34. Qxb2 Rxb2 35. Rad3 1-0

[Event "Bad Zwesten op 10th"]
[Site "Bad Zwesten"]
[Date "2006.01.05"]
[Round "6"]
[White "Houhou, Olivier"]
[Black "Bolte, Christoph Matt"]
[Result "1/2-1/2"]
[WhiteElo "2247"]
[BlackElo "2047"]
[PlyCount "93"]
[EventDate "2006.01.02"]
[EventType "swiss"]
[EventRounds "9"]
[EventCountry "GER"]
[SourceTitle "CBM 110 Extra"]
[Source "ChessBase"]
[SourceDate "2006.03.10"]
[SourceVersion "2"]
[SourceVersionDate "2006.03.10"]
[SourceQuality "1"]

1. e4 e6 2. d4 d5 3. Nc3 Nf6 4. e5 Nfd7 5. Nce2 c5 6. c3 Nc6 7. f4 b6 8. Nf3 Bb7 9. Ng3 g6 10. Bd3 h5 11. Ng5 Ne7 12. h4 Qc7 13. 0-0 Qc6 14. Qe2 a6 15. Bd2 Bh6 16. Rae1 Bxg5 17. fxg5 Nf8 18. Qf2 Nf5 19. Ne2 a5 20. Be3 Nd7 21. Bb1 Ba6 22. g3 Ke7 23. Kh2 Rh7 24. Rd1 Bxe2 25. Qxe2 Rhh8 26. Rd2 c4 27. Rc1 a4 28. Bc2 b5 29. Rdd1 Nb6 30. a3 Rae8 31. Rh1 Kd7 32. Rcg1 Rh7 33. Kg2 Nc8 34. Kf2 Nce7 35. Ke1 Reh8 36. Kd2 Qa6 37. Bf2 Qc6 38. Qe1 Qc8 39. Bd1 Qg8 40. Bc2 Qc8 41. Rh3 Qf8 42. Rgh1 Qg8 43. Be3 Kc7 44. Bf4 Kd7 45. R1h2 Kc7 46. Qh1 Kd7 47. Qd1 1/2-1/2

[Event "Paris-ch"]
[Site "Paris"]
[Date "2005.07.14"]
[Round "6"]
[White "Marcelin, Cyril"]
[Black "Houhou, Olivier"]
[Result "1-0"]
[WhiteElo "2481"]
[BlackElo "2253"]
[PlyCount "109"]
[EventDate "2005.07.10"]
[EventType "swiss"]
[EventRounds "9"]
[EventCountry "FRA"]
[SourceTitle "CBM 107 Extra"]
[Source "ChessBase"]
[SourceDate "2005.09.01"]
[SourceVersion "1"]
[SourceVersionDate "2005.09.01"]
[SourceQuality "1"]

1. d4 Nf6 2. c4 g6 3. g3 Bg7 4. Bg2 d5 5. cxd5 Nxd5 6. e4 Nb6 7. Ne2 0-0 8. 0-0 Bg4 9. Nbc3 Nc6 10. d5 Nd4 11. f3 Nxe2+ 12. Qxe2 Bd7 13. Rd1 Qc8 14. Be3 e6 15. Rac1 c6 16. d6 e5 17. a4 Be6 18. Nd5 Qd7 19. Nc7 Rad8 20. a5 Nc8 21. a6 Nxd6 22. Nxe6 Qxe6 23. axb7 Nb5 24. Rxd8 Rxd8 25. Qc4 Qxc4 26. Rxc4 Nd6 27. Rxc6 Nxb7 28. Bxa7 Rd1+ 29. Bf1 Bf8 30. Rc2 Nd8 31. Kg2 Ne6 32. Be3 Nd4 33. Rc1 Rxc1 34. Bxc1 Bc5 35. Bd2 Nc2 36. Bd3 Ne3+ 37. Kf2 Nd1+ 38. Ke2 Nxb2 39. Bb5 Bd4 40. Bb4 h5 41. Kd2 Kg7 42. Kc2 f5 43. Ba3 Kf6 44. Bxb2 Bg1 45. h3 Bh2 46. g4 Kg5 47. gxf5 gxf5 48. Bd7 fxe4 49. fxe4 Kf4 50. Kd3 Bg1 51. Bf5 Bb6 52. Kc4 Bc7 53. Kd5 h4 54. Ba3 Bb6 55. Bc1+ 1-0

[Event "Paris-ch"]
[Site "Paris"]
[Date "2005.07.12"]
[Round "4"]
[White "Houhou, Olivier"]
[Black "Govciyan, Pavel"]
[Result "0-1"]
[WhiteElo "2253"]
[BlackElo "2328"]
[PlyCount "90"]
[EventDate "2005.07.10"]
[EventType "swiss"]
[EventRounds "9"]
[EventCountry "FRA"]
[SourceTitle "CBM 107 Extra"]
[Source "ChessBase"]
[SourceDate "2005.09.01"]
[SourceVersion "1"]
[SourceVersionDate "2005.09.01"]
[SourceQuality "1"]

1. e4 g6 2. d4 Bg7 3. Nc3 c6 4. Nf3 d6 5. Be3 Nf6 6. Qd2 Qa5 7. h3 Nbd7 8. Bd3 0-0 9. 0-0 e5 10. dxe5 dxe5 11. Rab1 Qc7 12. a4 b6 13. Ne2 Bb7 14. c4 Nc5 15. Bxc5 bxc5 16. Qe3 Qe7 17. a5 Ba6 18. Nc3 Rfb8 19. Na4 Bf8 20. b3 Ne8 21. Qd2 f6 22. h4 Bc8 23. Be2 Nc7 24. Ne1 f5 25. h5 fxe4 26. hxg6 Bf5 27. Nc2 Bxg6 28. Ne3 Ne6 29. Nc3 Nd4 30. Bd1 Rd8 31. Qb2 Rab8 32. Re1 Qg5 33. Bc2 Nf3+ 34. Kf1 Qh4 35. Red1 Rd2 36. Rxd2 Nxd2+ 37. Kg1 Bh6 38. Rd1 Rf8 39. Rxd2 Bxe3 40. Bb1 Bd4 41. Re2 Rf3 42. gxf3 exf3 43. Qc1 Qg3+ 44. Kf1 fxe2+ 45. Kxe2 Qxf2+ 0-1

[Event "FRA-chT2 0405"]
[Site "France"]
[Date "2004.11.07"]
[Round "3.1"]
[White "Courtial, Cyril"]
[Black "Houhou, Olivier"]
[Result "1-0"]
[WhiteElo "2204"]
[BlackElo "2271"]
[PlyCount "145"]
[EventDate "2004.10.10"]
[EventType "team"]
[EventRounds "11"]
[EventCountry "FRA"]
[SourceTitle "EXT 2006"]
[Source "ChessBase"]
[SourceDate "2005.11.24"]
[SourceVersion "1"]
[SourceVersionDate "2005.11.24"]
[SourceQuality "1"]
[WhiteTeam "Checy"]
[BlackTeam "Issy les Moulineaux"]
[WhiteTeamCountry "FRA"]
[BlackTeamCountry "FRA"]

1. e4 c5 2. c3 d5 3. exd5 Qxd5 4. d4 Nc6 5. Nf3 Nf6 6. Be3 cxd4 7. cxd4 e6 8. Nc3 Qd6 9. a3 Be7 10. Bd3 0-0 11. Qc2 Bd7 12. 0-0 Rac8 13. Rad1 Rfd8 14. Rfe1 h6 15. Qd2 Be8 16. Bf4 Qd7 17. Bxh6 Nd5 18. Bg5 Nxc3 19. bxc3 f6 20. Bf4 Bf7 21. a4 Qd5 22. Qe2 Na5 23. Rc1 Nc4 24. Rb1 b6 25. Nd2 Na5 26. Rbc1 Ba3 27. Rc2 e5 28. Be3 exd4 29. cxd4 Rxc2 30. Bxc2 Rc8 31. Qd3 Qh5 32. Nf1 Bd6 33. Ng3 Qh4 34. Qf5 Rc7 35. Be4 Nc4 36. Qf3 Nxe3 37. fxe3 Re7 38. Bd5 Bxg3 39. Bxf7+ Kxf7 40. hxg3 Qe4 41. Qxe4 Rxe4 42. Kf2 Ke6 43. Rc1 Kd6 44. Rc8 Re7 45. Ke2 Rb7 46. Kd3 b5 47. axb5 Rxb5 48. Ra8 Ra5 49. Ke4 Ke6 50. g4 Kd6 51. Kf4 Ke6 52. g3 g6 53. Ke4 Kd6 54. Rg8 Rg5 55. Kf4 Ke6 56. e4 Kf7 57. Rc8 Ra5 58. e5 fxe5+ 59. dxe5 a6 60. Rc6 Kg7 61. Rf6 Kh7 62. e6 g5+ 63. Ke4 Ra1 64. Kd5 Re1 65. Kd6 a5 66. Rf5 a4 67. Rxg5 a3 68. Ra5 Re3 69. e7 Rd3+ 70. Ke6 Re3+ 71. Kf7 Rf3+ 72. Rf5 a2 73. e8Q 1-0

[Event "Paris-ch"]
[Site "Paris"]
[Date "2004.07.10"]
[Round "8"]
[White "Panchanathan, Magesh Chandran"]
[Black "Houhou, Olivier"]
[Result "1-0"]
[WhiteElo "2441"]
[BlackElo "2259"]
[PlyCount "71"]
[EventDate "2004.07.03"]
[EventType "swiss"]
[EventRounds "9"]
[EventCountry "FRA"]
[SourceTitle "CBM 101 Extra"]
[Source "ChessBase"]
[SourceDate "2004.09.01"]
[SourceVersion "2"]
[SourceVersionDate "2004.09.01"]
[SourceQuality "1"]

1. e4 c5 2. Nf3 e6 3. d4 cxd4 4. Nxd4 a6 5. Bd3 Qc7 6. 0-0 Nc6 7. Be3 Nf6 8. Nxc6 dxc6 9. a4 e5 10. a5 Be6 11. Nd2 c5 12. Qe2 Be7 13. Bc4 Bxc4 14. Nxc4 0-0 15. Bd2 Rfe8 16. Bc3 Bf8 17. Rfd1 Re6 18. Ra3 Rae8 19. Rb3 g6 20. g3 h5 21. f3 R8e7 22. Kg2 Bg7 23. Rb6 Nd7 24. Rxe6 Rxe6 25. Qd3 Re7 26. Ne3 Nf6 27. Qd8+ Qxd8 28. Rxd8+ Re8 29. Rd6 Re7 30. Nc4 Nd7 31. Rd5 Kf8 32. Nd6 Nb8 33. Rxc5 Rd7 34. Rc8+ Ke7 35. Ne8 Bh8 36. Rxb8 1-0

[Event "FRA-chT2 0304"]
[Site "France"]
[Date "2004.03.14"]
[Round "9"]
[White "Houhou, Olivier"]
[Black "Carton, Camille"]
[Result "1/2-1/2"]
[WhiteElo "2243"]
[BlackElo "2220"]
[PlyCount "43"]
[EventDate "2003.10.??"]
[EventType "team"]
[EventRounds "11"]
[EventCountry "FRA"]
[SourceTitle "EXT 2005"]
[Source "ChessBase"]
[SourceDate "2004.11.15"]
[SourceVersion "1"]
[SourceVersionDate "2004.11.15"]
[SourceQuality "1"]

1. e4 d5 2. exd5 Qxd5 3. Nf3 Nf6 4. d4 Bg4 5. Be2 c6 6. h3 Bh5 7. 0-0 e6 8. c4 Qd8 9. Nc3 Bd6 10. Re1 0-0 11. Bg5 Nbd7 12. d5 exd5 13. cxd5 cxd5 14. Nxd5 h6 15. Bf4 Bxf4 16. Nxf4 Bxf3 17. Bxf3 Qb6 18. Nd3 Rfe8 19. Qa4 Rad8 20. Rac1 Rxe1+ 21. Rxe1 Nf8 22. Re3 1/2-1/2